000 01202nam a22002057a 4500
999 _c60341
_d60341
003 Ge_BSU
005 20230630120212.0
008 230630s1987 ge ||||| |||| 00| 0 geo d
041 _ageo
080 _a821.353.1 ბ-13
100 _aთეიმურაზ ბაგრატიონი
_919107
245 _aმხატვრული თხზულებები /
_cტექსტი მოამზადა, გამოკვლევა და შენიშვნები დაურთო ლ. მეფარიშვილმა ; [რედ.: ზურაბ ჭუმბურიძე] ; შოთა რუსთაველის სახ. ქართ. ლიტ. ინ-ტი.
264 _aთბილისი :
_bმეცნიერება,
_c1987.
300 _a196 გვ. ;
_b20 სმ.
653 _aმხატვრული თხზულებები
700 _aმეფარიშვილი, ლ.
_919108
700 _aჭუმბურიძე, ზურაბ
_eრედაქტორი
_919109
700 _a შოთა რუსთაველის სახ. ქართ. ლიტ. ინ-ტი.
_919110
942 _2udc
_cBK